| 000 | 00500nam a2200181 4500 | ||
|---|---|---|---|
| 003 | SEACOMEC | ||
| 005 | 20241210124912.0 | ||
| 008 | 231005b |||||||| |||| 00| 0 eng d | ||
| 020 |
_cRs. 250.00 _a9788125912118 |
||
| 040 | _aSEACOMEC | ||
| 082 |
_a005.133 _bJ59 |
||
| 100 | 1 | _aJeyapoovan, T. | |
| 245 | 1 | 2 |
_aA First course in Programming with C / _cT. Jeyapoovan |
| 260 |
_aNew Delhi _bVikas _c2006 |
||
| 650 | _aComputer Programming, programs,data | ||
| 650 | _aProgramming Language | ||
| 942 | _cBOOK | ||
| 999 |
_c82 _d82 |
||